Chikilsaykkappuram Aarogyam (Record no. 137668)

MARC details
000 -LEADER
fixed length control field 00504nam a22001937a 4500
003 - CONTROL NUMBER IDENTIFIER
control field OSt
005 - DATE AND TIME OF LATEST TRANSACTION
control field 20260106113311.0
008 - FIXED-LENGTH DATA ELEMENTS--GENERAL INFORMATION
fixed length control field 260106b |||||||| |||| 00| 0 eng d
020 ## - INTERNATIONAL STANDARD BOOK NUMBER
International Standard Book Number 978-93-6899-191-5
040 ## - CATALOGING SOURCE
Transcribing agency SBCL
082 ## - DEWEY DECIMAL CLASSIFICATION NUMBER
Classification number 610
Item number ABR-C
100 ## - MAIN ENTRY--PERSONAL NAME
Personal name Abraham,Jose
245 ## - TITLE STATEMENT
Title Chikilsaykkappuram Aarogyam
Remainder of title Doctormarude Kazhchappadukal
260 ## - PUBLICATION, DISTRIBUTION, ETC.
Place of publication, distribution, etc. Thrissur
Name of publisher, distributor, etc. H&C Publishing House
Date of publication, distribution, etc. 2025
300 ## - PHYSICAL DESCRIPTION
Extent 160p.
630 ## - SUBJECT ADDED ENTRY--UNIFORM TITLE
General subdivision Technology
650 ## - SUBJECT ADDED ENTRY--TOPICAL TERM
Topical term or geographic name entry element Medicine & health
942 ## - ADDED ENTRY ELEMENTS (KOHA)
Koha item type BOOK
Holdings
Withdrawn status Lost status Source of classification or shelving scheme Damaged status Not for loan Home library Current library Date acquired Total Checkouts Full call number Barcode Shelving location Date last seen Cost, replacement price Price effective from Koha item type
    Dewey Decimal Classification     SB LIBRARY SB LIBRARY 06/01/2026   610 ABR-C 143216 GENERAL STACK 06/01/2026 150.00 06/01/2026 BOOK

Powered by Koha